TOMOGRAM / (Record no. 194179)

MARC details
000 -LEADER
fixed length control field 00728nam a2200241 i 4500
005 - DATE AND TIME OF LATEST TRANSACTION
control field 20231226120329.0
008 - FIXED-LENGTH DATA ELEMENTS--GENERAL INFORMATION
fixed length control field 231226t20232023my g 000 f may d
020 ## - INTERNATIONAL STANDARD BOOK NUMBER
International Standard Book Number 9789670042466
Terms of availability RM24.90
Qualifying information paperback
040 ## - CATALOGING SOURCE
Original cataloging agency PPAK
Language of cataloging eng
Transcribing agency PPAK
Description conventions rda
082 04 - DEWEY DECIMAL CLASSIFICATION NUMBER
Edition number 23
Classification number 899.2333
090 00 - LOCALLY ASSIGNED LC-TYPE CALL NUMBER (OCLC); LOCAL CALL NUMBER (RLIN)
Classification number (OCLC) (R) ; Classification number, CALL (RLIN) (NR) 899.2333
Feature heading SYA
Feature heading G
100 0# - MAIN ENTRY--PERSONAL NAME
Personal name Syafiq Aizat,
Relator term author.
245 10 - TITLE STATEMENT
Title TOMOGRAM /
Statement of responsibility, etc. Syafiq Aizat
264 #1 - PRODUCTION, PUBLICATION, DISTRIBUTION, MANUFACTURE, AND COPYRIGHT NOTICE
Place of production, publication, distribution, manufacture Petaling Jaya, Selangor :
Name of producer, publisher, distributor, manufacturer Buku Fixi Sdn. Bhd.,
Date of production, publication, distribution, manufacture, or copyright notice 2023
Date of production, publication, distribution, manufacture, or copyright notice ©2023
300 ## - PHYSICAL DESCRIPTION
Extent 272 pages ;
Dimensions 19 cm
336 ## - CONTENT TYPE
Content type term text
Source rdacontent
337 ## - MEDIA TYPE
Media type term unmediated
Source rdamedia
338 ## - CARRIER TYPE
Carrier type term volume
Source rdacarrier
650 10 - SUBJECT ADDED ENTRY--TOPICAL TERM
Topical term or geographic name entry element Malay fiction
Topical term or geographic name entry element Malaysian fiction (Malay)
942 ## - ADDED ENTRY ELEMENTS (KOHA)
Source of classification or shelving scheme Dewey Decimal Classification
Koha item type Book
Holdings
Withdrawn Not for loan Current library Shelving location Date acquired Total Checkouts Total Renewals Full call number Barcode Date last seen Date last checked out Koha item type Checked out
    Perpustakaan Alor Setar Pinjaman Dewasa 11/01/2024 7 2 899.2333 SYA A01802115 22/02/2026 31/01/2026 Book  
    Perpustakaan Awam Sungai Petani Pinjaman Dewasa 11/01/2024 3 1 899.2333 SYA A01802116 01/03/2025 25/01/2025 Book  
    Perpustakaan Baling Pinjaman Dewasa 11/01/2024 5 1 899.2333 SYA A01802120 18/04/2026 18/04/2026 Book 09/05/2026
    Perpustakaan Bandar Baharu Pinjaman Dewasa 11/01/2024     899.2333 SYA A01802121 11/01/2024   Book  
    Perpustakaan Jitra Pinjaman Dewasa 11/01/2024 2   899.2333 SYA A01802117 13/07/2025 21/06/2025 Book  
    Perpustakaan Kuala Nerang Pinjaman Dewasa 11/01/2024     899.2333 SYA A01802125 11/01/2024   Book  
    Perpustakaan Kulim Pinjaman Dewasa 11/01/2024 3   899.2333 SYA A01802119 04/02/2025 20/01/2025 Book  
    Perpustakaan Langkawi Pinjaman Dewasa 11/01/2024 1   899.2333 SYA A01802118 28/07/2024 14/07/2024 Book  
    Perpustakaan Merbok Pinjaman Dewasa 11/01/2024 1   899.2333 SYA A01802122 04/05/2024 24/04/2024 Book  
    Perpustakaan Pendang Pinjaman Dewasa 11/01/2024     899.2333 SYA A01802126 11/01/2024   Book  
    Perpustakaan Sik Pinjaman Dewasa 11/01/2024 2   899.2333 SYA A01802124 05/06/2025 05/06/2025 Book 26/06/2025
    Perpustakaan Yan Pinjaman Dewasa 11/01/2024     899.2333 SYA A01802123 11/01/2024   Book